YOJANA (Record no. 7941)
[ view plain ]
| 000 -LEADER | |
|---|---|
| fixed length control field | 00502nam a2200145Ia 4500 |
| 022 ## - INTERNATIONAL STANDARD SERIAL NUMBER | |
| ISSN | 0044-0515 |
| 245 #0 - TITLE STATEMENT | |
| Title | YOJANA |
| 260 ## - PUBLICATION, DISTRIBUTION, ETC. (IMPRINT) | |
| Name of publisher | Yojana Publication Division, New Delhi |
| Place of publication | India |
| 310 ## - CURRENT PUBLICATION FREQUENCY | |
| Current publication frequency | F |
| 500 ## - GENERAL NOTE | |
| General note | Ending Volume & Year: 44, 2000 |
| 500 ## - GENERAL NOTE | |
| General note | Missing Volume: 7;9-14;28(3-24);29-34;35(1-9);36(10,11,13);37(3,24);38(1-15,18,22);39(15-24);40(6-24);41;42(1-5,8);43(1,4-7,10);44(6-10) |
| 500 ## - GENERAL NOTE | |
| General note | Starting Volume & Year: 5, 1961 |
| 942 ## - ADDED ENTRY ELEMENTS (KOHA) | |
| Koha item type | Bound Journal |
| Withdrawn status | Lost status | Damaged status | Not for loan | Home library | Current library | Date acquired | Accession Number | Koha item type |
|---|---|---|---|---|---|---|---|---|
| Bound journals | RRII Library | RRII Library | 31/12/2021 | 07910J | Bound Journal |